Statistics for Every Jamie Foxx song that hit the Billboard hot 100

Click here to take the quiz!

General Stats

  • This quiz has been taken 7 times
  • The average score is 3 of 15

Answer Stats

Peak Chart PositionYearSong% Correct
12005Gold Digger
83%
12004Slow Jamz
50%
972016Jam
33%
22009Blame It
17%
82006Unpredictable
17%
282010Winner
17%
452006DJ Play A Love Song
17%
492009Just Like Me
17%
502011Fall For Your Type
17%
932015You Changed Me
17%
392006Georgia
0%
542009She Got Her Own
0%
662008Please Excuse My Hands
0%
921994Infatuation
0%
922009Digital Girl
0%

Score Distribution

Percentile by Number Answered

Percent of People with Each Score

Your Score History

You have not taken this quiz